El Eco hernandiano. (Record no. 174995)

MARC details
000 -LEADER
campo de control de longitud fija 01315nam a2200277 i 4500
001 - NÚMERO DE CONTROL
campo de control 174995
003 - IDENTIFICADOR DE NÚMERO DE CONTROL
campo de control ES-MaACL
005 - FECHA Y HORA DE LA ÚLTIMA TRANSACCIÓN
campo de control 20240122153307.0
008 - DATOS DE LONGITUD FIJA--INFORMACIÓN GENERAL
campo de control de longitud fija 100923s2006 sp ao |||| |dspa d
080 ## - NÚMERO DE LA CLASIFICACIÓN DECIMAL UNIVERSAL
Número de la Clasificación Decimal Universal 821.134.2 Hernández, Miguel 1.07
080 ## - NÚMERO DE LA CLASIFICACIÓN DECIMAL UNIVERSAL
Número de la Clasificación Decimal Universal 929 Hernández, Miguel
245 03 - MENCIÓN DEL TÍTULO
Título El Eco hernandiano.
Número de parte o sección de la obra otoño 2006.
260 ## - PUBLICACIÓN, DISTRIBUCIÓN, ETC.
Lugar de publicación, distribución, etc. [Orihuela, Alicante] :
Nombre del editor, distribuidor, etc. Fundación Cultural Miguel Hernández,
Fecha de publicación, distribución, etc. 2006 (
Lugar de fabricación/manufactura Murcia)
300 ## - DESCRIPCIÓN FÍSICA
Extensión 20 p. :
Otras características físicas il., fot. ;
Dimensiones 30 cm.
490 1# - MENCIÓN DE SERIE
Mención de serie El eco hernandiano ;
Designación de volumen o secuencia 11
505 8# - NOTA DE CONTENIDO CON FORMATO
Nota de contenido con formato Contiene: La voluntad de crear / Óscar Moreno . Un poema manuscrito de Miguel Hernández . Vanas palabras / Alejandro Sanz . XCVI aniversario del nacimiento de M. Hernández . Entrega de los premios literarios... Intervención de Gaspar Peral Baeza . Vittorio Vidali y Miguel Hernández: notas a una amistad / María Dalla Rizza
600 14 - PUNTO DE ACCESO ADICIONAL DE MATERIA--NOMBRE DE PERSONA
Nombre de persona Hernández, Miguel,
Fechas asociadas al nombre 1910-1942-
Subdivisión de forma Homenajes
9 (RLIN) 62848
650 #4 - PUNTO DE ACCESO ADICIONAL DE MATERIA--TÉRMINO DE MATERIA
Término de materia o nombre geográfico como elemento de entrada Literatura española-
Subdivisión cronológica S.XX.
9 (RLIN) 148763
700 1# - ENTRADA AGREGADA--NOMBRE PERSONAL
Nombre de persona Moreno Ferrández, Óscar.
9 (RLIN) 141296
700 1# - ENTRADA AGREGADA--NOMBRE PERSONAL
Nombre de persona Hernández, Miguel,
Fechas asociadas al nombre 1910-1942
9 (RLIN) 62844
700 1# - ENTRADA AGREGADA--NOMBRE PERSONAL
Nombre de persona Sanz, Alejandro,
Fechas asociadas al nombre 1967-
9 (RLIN) 103558
710 2# - ENTRADA AGREGADA--NOMBRE DE ENTIDAD CORPORATIVA
Nombre de entidad corporativa o nombre de jurisdicción como elemento de entrada Fundación Cultural Miguel Hernández.
9 (RLIN) 4265
830 1# - PUNTO DE ACCESO ADICIONAL DE SERIE-TÍTULO UNIFORME
Título uniforme El eco hernandiano ;
Designación de volumen o secuencia 11
9 (RLIN) 223825
852 4# - LOCALIZACIÓN
Ubicación ES-MaACL
Número de control de estantería 2281-F-25
Holdings
Estatus retirado Estado de pérdida Estado de daño No para préstamo Colección Biblioteca de origen Biblioteca actual Ubicación en estantería Fecha de adquisición Fuente de adquisición Total de préstamos Signatura topográfica completa Código de barras Visto por última vez Precio de reemplazo Tipo de ítem Koha
        Colección de folletos Biblioteca del Ateneo de Madrid Biblioteca del Ateneo de Madrid Depósito folletos 23/09/2010     2281-F-25 1183750 23/02/2023 23/02/2023 Folleto